000 00262nam a2200109Ia 4500
008 200302s9999 xx 000 0 und d
100 _aJames Horton
245 _aAn Introduction to Drawing
260 _bDorlling Kindersley Book
260 _c1994
300 _a72 P.,
999 _c967
_d967